ClassTech Equipment Match - Statistics

General Stats
  • This quiz has been taken 83 times
  • The average score is 10 of 16
Answer Stats
Picture Answer % Correct
DMPS
93%
AV Bridge
80%
Mic Transmitter
80%
Document Camera
67%
Panopto
67%
PC
67%
Room Camera
67%
RLink
60%
Touch Panel
60%
DA2
53%
Mic Receiver
53%
QSC
53%
Bi Amp
47%
Scalar
47%
TX
47%
Network Switch
40%
No matching quizzes found
Score Distribution
Percent of People with Each Score
Percentile by Number Answered
Your Score History
You have not taken this quiz